[Event "Reunion op 13th"]
[Site "St Denis"]
[Date "2011.10.02"]
[Round "2"]
[White "Devos, Johan"]
[Black "Roblet, Charles"]
[Result "0-1"]
[WhiteElo "1679"]
[BlackElo "2069"]
[PlyCount "112"]
[EventDate "2011.10.01"]
[EventType "swiss"]
[EventRounds "9"]
[EventCountry "RUF"]
[SourceTitle "EXT 2012"]
[Source "ChessBase"]
[SourceDate "2011.11.24"]
[SourceVersion "1"]
[SourceVersionDate "2011.11.24"]
[SourceQuality "1"]

1. d4 Nf6 2. c4 c5 3. d5 b5 4. cxb5 a6 5. Nc3 axb5 6. Nxb5 d6 7. Nc3 Ba6 8. g3 g6 9. Bg2 Bg7 10. Nf3 0-0 11. 0-0 Nbd7 12. Re1 Qb6 13. Qc2 Rfb8 14. Rb1 Ng4 15. e3 Nge5 16. Rd1 Qa5 17. h3 Nxf3+ 18. Bxf3 Ne5 19. Bg2 Nc4 20. Bd2 Nxd2 21. Qxd2 Bc4 22. Qc2 Bxc3 23. bxc3 Qxa2 24. Qxa2 Bxa2 25. Rxb8+ Rxb8 26. Ra1 Rb2 27. e4 Rc2 28. Bf1 Kg7 29. Kg2 Kf6 30. h4 h5 31. Kg1 Bb3 32. Kg2 Rxc3 33. Ra3 c4 34. Bxc4 Rxc4 35. Rxb3 Rxe4 36. Rd3 Ke5 37. f4+ Kf5 38. Kf3 Re1 39. Kf2 Rb1 40. Kf3 Rb5 41. Re3 e5 42. dxe6 fxe6 43. Rd3 d5 44. Re3 d4 45. Ra3 Rd5 46. Rd3 Rd6 47. Ra3 d3 48. Ra5+ Kf6 49. Ra1 d2 50. Rd1 Kf5 51. Ke2 Ke4 52. Kf2 Rd3 53. Kg2 Ke3 54. Kf1 Rc3 55. Kg2 Ke2 56. Rf1 Rxg3+ 0-1

[Event "Reunion op 13th"]
[Site "St Denis"]
[Date "2011.10.02"]
[Round "3"]
[White "Romain, Juliane"]
[Black "Devos, Johan"]
[Result "0-1"]
[WhiteElo "1450"]
[BlackElo "1679"]
[PlyCount "78"]
[EventDate "2011.10.01"]
[EventType "swiss"]
[EventRounds "9"]
[EventCountry "RUF"]
[SourceTitle "EXT 2012"]
[Source "ChessBase"]
[SourceDate "2011.11.24"]
[SourceVersion "1"]
[SourceVersionDate "2011.11.24"]
[SourceQuality "1"]

1. e4 c5 2. Nc3 e6 3. e5 a6 4. f4 Nc6 5. Nf3 Be7 6. d3 Nh6 7. g3 Nf5 8. Ne4 b5 9. Bh3 Bb7 10. Bxf5 exf5 11. Nf2 Nd4 12. Nxd4 Bxh1 13. Nf3 Bxf3 14. Qxf3 0-0 15. Be3 b4 16. d4 cxd4 17. Bxd4 Rc8 18. Qd3 Bc5 19. Rc1 a5 20. a3 bxa3 21. bxa3 Bxd4 22. Qxd4 Qc7 23. Kd1 Qc6 24. Nd3 Qh1+ 25. Ne1 Qxh2 26. Qd3 Qh5+ 27. Kd2 Qg6 28. c4 Rfd8 29. Ng2 d6 30. Nh4 Qe6 31. Ke3 dxe5 32. Qc2 e4 33. c5 Rd3+ 34. Ke2 Rxg3 35. Kf2 Rd3 36. Qe2 Qd5 37. Qh5 Rd2+ 38. Ke1 Rh2 39. Qg5 Qd2+ 0-1